000 00437nam a2200193Ia 4500
003 0100
008 130227s9999 xx 000 0 und d
040 _cARRUPELIB
050 _aBP161.2R87 2006
100 _aRuthven, Malise
245 _aIslam in the world
260 _aLondon
260 _bGranta Books
260 _C2006
300 _axxiv
300 _b 502p. 21cm.
650 _bChristianity- Philosophy
942 _2lcc
_03
999 _c6014
_d6014